Contemporary Movement by Duster - Statistics

General Stats
  • This quiz has been taken 7 times
  • The average score is 9 of 12
Answer Stats
Track # Song % Correct
Track 3 Diamond
100%
Track 4 Me and the Birds
100%
Track 9 The Breakup Suite
100%
Track 2 Operations
83%
Track 8 Unrecovery
83%
Track 7 Cooking
67%
Track 1 Get the Dutch
67%
Track 11 Now It's Coming Back
67%
Track 6 The Phantom Facing Me
67%
Track 5 Travelogue
67%
Track 12 Auto-Mobile
50%
Track 10 Everything You See (Is Your Own)
50%
No matching quizzes found
Score Distribution
Percent of People with Each Score
Percentile by Number Answered
Your Score History
You have not taken this quiz